000 00484nam a22001937a 4500
005 20251201111719.0
008 251201b |||||||| |||| 00| 0 eng d
020 _a9789359771427
_cRs. 2995.00
040 _aMAIN
082 _a005.133
_bY9M
100 _aYudhvir Singh
245 _aMastering Python
260 _aNew Delhi
_bThe Readers Paradise
_c2025
300 _a662
650 _aComputer Science
650 _aComputer Language-Python
700 _aNisha
942 _cBK
999 _c394091
_d394091